Zachráňte Dydiho!

Bibliographic Details
Main Authors: Vavro, Hubert (Author, Interviewer), Dydi, Rudolf 1979- (Author)
Format: Article
Language:Slovak
PhysicalDescription:Fotogr.
ISSN:1336-4650
Subjects:

MARC

LEADER 00000nab a2200000 a 4500
001 vtls008185173
003 SK-MaSNL
005 20260303080345.0
008 160322c2005 xo wr|p|||||||000 b|slo
015 |a SNBRB2005/07  |2 snkbucl 
038 |a SNKBUCL 
040 |a SNKBUCL  |b slo  |c SNKBUCL  |e AACR2 
041 0 |a slo 
044 |a xo  |c SK 
080 |a 796.83.071  |2 1981 
080 |a 929 Dydi, Rudolf  |2 1981 
100 1 |a Vavro, Hubert  |4 ivr  |4 aut  |9 547890 
245 1 0 |a Zachráňte Dydiho!  |c Hubert Vavro 
300 |b Fotogr. 
600 1 7 |a Dydi, Rudolf,  |d 1979-  |2 snkbucl 
700 1 |a Dydi, Rudolf  |d 1979-  |4 ive  |4 aut 
773 0 |t Live  |g Roč. II., č. 13 (2005), s. 94-97  |x 1336-4650 
852 |a SNK  |b KIS3GCP 
958 |a BX 
999 |c 1780098  |d 1782028